| 000 | 01265cam a2200325 a 4500 | ||
|---|---|---|---|
| 001 | 15371605 | ||
| 003 | OSt | ||
| 005 | 20230605091344.0 | ||
| 008 | 080718s2007 ke a b 000 0 eng d | ||
| 010 | _a 2008349859 | ||
| 035 | _a(OCoLC)ocn166263629 | ||
| 040 |
_aCUY _cCUY _dIUL _dCUY _dDLC |
||
| 042 |
_alccopycat _alcode |
||
| 043 | _af-ke--- | ||
| 082 |
_a320.96762 _bNJE |
||
| 245 | 0 | 0 |
_aPolitical patronage, access to entitlements, and poverty in Kenya : _bfinal report of findings of a national survey / _c[conducted by, Kenya Episcopal Conference, Catholic Justice and Peace Commission]. |
| 260 |
_aNairobi : _bKEC-CJPC : _bDan Church Aid, _c2007. |
||
| 300 |
_a123 p. : _bill. ; _c29 cm. |
||
| 500 | _a"March 2007." | ||
| 504 | _aIncludes bibliographical references (p. 123). | ||
| 650 | 0 |
_aPolitical participation _zKenya. |
|
| 650 | 0 |
_aPatronage, Political _zKenya. |
|
| 650 | 0 |
_aPoverty _zKenya. |
|
| 651 | 0 |
_aKenya _xPolitics and government _y2002- |
|
| 651 | 0 |
_aKenya _xSocial conditions _y1963- |
|
| 710 | 2 |
_aCatholic Church. _bEpiscopal Conference of Kenya. _bJustice and Peace Commission. |
|
| 906 |
_a7 _bcbc _ccopycat _d3 _encip _f20 _gy-gencatlg |
||
| 942 |
_2ddc _cBK |
||
| 999 |
_c217 _d217 |
||